| 000 | 01175nam a22003017a 4500 | ||
|---|---|---|---|
| 003 | EG-ScBUE | ||
| 005 | 20211101095455.0 | ||
| 008 | 211101s2019 ua o f 000 0cara d | ||
| 040 |
_aEG-ScBUE _bara _erda _cEG-ScBUE _dEG-ScBUE |
||
| 041 | 0 |
_aara _aeng |
|
| 043 | _af-ua--- | ||
| 082 | 0 | 4 |
_a759.962 _bس ل ا _222 |
| 100 | 1 |
_aعبد السلام، رضا، _eمعد. |
|
| 245 | 1 | 0 |
_aبين فضاء الواقع والحلم / _cإعداد رضا عبد السلام ؛ تصميم شروق قنديل ؛ اللجنة المنظمة هشام قنديل [وخمس آخرون]. |
| 264 | 1 |
_aالمهندسين، مصر : _bضي، _c2019. |
|
| 300 |
_a96 صفحة : _bصور ؛ _c27 سم |
||
| 336 |
_2rdacontent _aنص _btxt |
||
| 337 |
_2rdamedia _aبدون وسيط _bn |
||
| 338 |
_2rdacarrier _aمجلد _bnc |
||
| 541 | _aإهداء. | ||
| 546 | _aالنص باللغتين العربية والإنجليزية. | ||
| 650 | 7 |
_aالرسامون المصريون _vتراجم. _2BUEsh |
|
| 653 |
_bART _cNovember2021 |
||
| 655 |
_vReading book _934232 |
||
| 700 | 1 |
_aقنديل، شروق، _eمصمم. |
|
| 700 | 1 |
_aقنديل، هشام، _eمنظم. |
|
| 942 | _2ddc | ||
| 999 |
_c29620 _d29591 |
||